000 00599nam a2200205 a 4500
005 20140310183213.0
008 000524s19uu xx 00 eng d
020 _a0534136869
050 _aHQ 767.9
_b.N5 1997
100 _aNewman, Philip R.
245 _aChildhood and adolescence /
_cPhilip R. Newman, Barbara M. Newman.
260 _aUSA :
_bCole Pub,
_c1997.
300 _a769 p. :
_bcol. ill. ;
_c26 cm.
500 _aIncludes bibliographical references and index.
521 _aPSYCH
650 _aChild development
650 _aAdolescence
942 _cBK
_2lcc
_kFOR
999 _c20188
_d20188